Statistics for Countries where leaded gasoline is legal

Click here to take the quiz!

General Stats

  • This quiz has been taken 27 times
  • The average score is 3 of 6

Answer Stats

Answer% Correct
Iraq
67%
North Korea
67%
Afghanistan
48%
Yemen
48%
Algeria
43%
Myanmar
38%

Score Distribution

Percentile by Number Answered

Percent of People with Each Score

Your Score History

You have not taken this quiz